<?xml version="1.0" encoding="UTF-8"?>
<collection xmlns:xsi="http://www.w3.org/2001/XMLSchema-instance" xsi:schemaLocation="http://www.loc.gov/MARC21/slim http://www.loc.gov/standards/marcxml/schema/MARC21slim.xsd" xmlns="http://www.loc.gov/MARC21/slim">
 <record>
  <leader>00000cab a22000004cb4500</leader>
  <controlfield tag="001">IPP-00000661662</controlfield>
  <controlfield tag="003">IPP</controlfield>
  <controlfield tag="005">20250326113649.0</controlfield>
  <controlfield tag="008">250326s2022    xx     d | ||r |||||   ||</controlfield>
  <datafield tag="100" ind1="1" ind2="#">
   <subfield code="a">Cristobal, Jamie Lindsey A.</subfield>
  </datafield>
  <datafield tag="245" ind1="1" ind2="0">
   <subfield code="a">Knives out</subfield>
   <subfield code="b">treading the geography of neighborhood delinquency by analyzing the nexus between built environment and crime incidence</subfield>
  </datafield>
  <datafield tag="264" ind1="#" ind2="1">
   <subfield code="c">2022</subfield>
  </datafield>
  <datafield tag="650" ind1="1" ind2="0">
   <subfield code="a">Built environment and crime incidence</subfield>
  </datafield>
  <datafield tag="700" ind1="1" ind2="#">
   <subfield code="a">Culala, Jewel M.</subfield>
  </datafield>
  <datafield tag="773" ind1="0" ind2="#">
   <subfield code="t">Ateneo Law Journal</subfield>
   <subfield code="g">Vol. 67, no. 2 (Nov. 2022), 496-514</subfield>
  </datafield>
  <datafield tag="852" ind1="#" ind2="#">
   <subfield code="a">UPD</subfield>
   <subfield code="b">DLAW</subfield>
  </datafield>
  <datafield tag="942" ind1="#" ind2="#">
   <subfield code="a">Article</subfield>
  </datafield>
  <datafield tag="950" ind1="#" ind2="#">
   <subfield code="a">FI</subfield>
  </datafield>
 </record>
</collection>
